Wappen Bundesländer Deutschland - Statistiken

Allgemein
  • Dieses Quiz wurde 74 mal gespielt
    67 seit der letzten Aktualisierung
  • Das Durchschnittsergebnis liegt bei 14 aus 16
Antwortstatistiken
Bildquiz Antwort % Korrekt
Berlin
98%
Bayern
96%
Niedersachsen
96%
Nordrhein-Westfalen
96%
Hamburg
95%
Baden-Württemberg
93%
Bremen
89%
Sachsen
89%
Sachsen-Anhalt
89%
Hessen
88%
Thüringen
88%
Brandenburg
82%
Mecklenburg-Vorpommern
82%
Rheinland-Pfalz
82%
Saarland
82%
Schleswig-Holstein
82%
Keine übereinstimmenden Quizze gefunden
Verteilung der Resultate
Anzahl Personen mit jedem Resultat
Perzentil nach korrekt beantworteten Fragen
Ihre Resultats-Entwicklung
Sie haben dieses Quiz seit der letzten Aktualisierung nicht gespielt